书目信息 |
| 题名: |
专业技术人员科研方法与论文写作
|
|
| 作者: | 张伟刚 , 张严昕,严铁毅 编著 | |
| 分册: | ||
| 出版信息: | 北京 国家行政学院出版社 2013.04 |
|
| 页数: | 233页 | |
| 开本: | 23cm | |
| 丛书名: | ||
| 单 册: | ||
| 中图分类: | G312 | |
| 科图分类: | ||
| 主题词: | 技术干部--科学研究--研究方法 | |
| 电子资源: | ||
| ISBN: | 978-7-80140-764-1 | |
| 000 | 01100nam0 2200277 450 | |
| 001 | 0100140460 | |
| 005 | 20141020221155.0 | |
| 010 | @a978-7-80140-764-1@dCNY28.00 | |
| 100 | @a20140914d2013 em y0chiy50 ea | |
| 101 | 0 | @achi |
| 101 | 11 | @achi |
| 102 | @aCN@b110000 | |
| 105 | @aa z 000yy | |
| 106 | @ar | |
| 200 | 1 | @a专业技术人员科研方法与论文写作@Azhuan ye ji shu ren yuan ke yan fang fa yu lun wen xie zuo@9zhuan ye ji shu ren yuan ke yan fang fa yu lun wen xie zuo@b专著@f张伟刚,张严昕,严铁毅编著@Fzhang wei gang zhang yan xin yan tie yi bian zhu |
| 210 | @a北京@c国家行政学院出版社@d2013.04 | |
| 215 | @a233页@c照片@d23cm | |
| 330 | @a本书由科研方法、论文写作和知识产权三部分组成,全书共分十章,各章内容相对独立,并附有总结要点和思考习题,读者可根据学习和工作需要进行选读或选学。 | |
| 540 | @a专业技术人员科研方法与论文写作 | |
| 606 | 0 | @a技术干部@x科学研究@x研究方法 |
| 690 | @aG312@v5 | |
| 701 | 0 | @a张伟刚@Azhang wei gang@4编著 |
| 701 | 1 | @a张严昕,严铁毅@Azhang yan xin , yan tie yi@4编著 |
| 801 | @aCN | |
| 901 | @a001 | |
| 905 | @b1103158-60@dG312@eZ191@f3@a241430 | |
| 专业技术人员科研方法与论文写作/张伟刚,张严昕,严铁毅编著.-北京:国家行政学院出版社,2013.04 |
| 233页:照片;23cm |
| ISBN 978-7-80140-764-1:CNY28.00 |
| 本书由科研方法、论文写作和知识产权三部分组成,全书共分十章,各章内容相对独立,并附有总结要点和思考习题,读者可根据学习和工作需要进行选读或选学。 |
| ● |
| 相关链接 |
|
|
|
正题名:专业技术人员科研方法与论文写作
索取号:G312/Z191
 
预约/预借
| 序号 | 登录号 | 条形码 | 馆藏地/架位号 | 状态 | 备注 |
| 1 | 1103158 | 211031587 | 社科库409/409社科库 120排2列2层/ [索取号:G312/Z191] | 在馆 | |
| 2 | 1103159 | 211031596 | 社科库409/409社科库 120排2列2层/ [索取号:G312/Z191] | 在馆 | |
| 3 | 1103160 | 211031603 | 社科二线422/422社科库 16排2列3层/ [索取号:G312/Z191] | 在馆 |